| 000 | 01026nam a2200241 a 4500 | ||
|---|---|---|---|
| 001 | 79850 | ||
| 003 | BD-RjUL | ||
| 005 | 20230129112206.0 | ||
| 008 | 220525s2005 bg a|||| m||| 00| 0 eng d | ||
| 035 | _a(BD-RjUL)79850 | ||
| 040 |
_aBD-RjUL _beng _cBD-RjUL _dBD-RjUL |
||
| 041 | _aeng | ||
| 082 |
_a632.79 _bHAP 2005 _223 |
||
| 100 |
_aHaque, Md. Johrul _93184 |
||
| 245 | 0 | 1 |
_aPerformance of the Parasltoid,Dinarmus (Rond.) (Hymenoptera : _bPteromalidae Against Callosobruchus / _cMd. Johrul Haque ; _6Supervisor : Md. Wahedul Islam |
| 260 |
_aRajshahi : _bInstitute of Biological Sciences, Rajshahi University, _c2005 |
||
| 300 |
_aii, 125 Leaves : _bill, ; _c29 cm. |
||
| 502 | _aThesis (Em. Phil.) -- Institute of Biological Sciences, Rajshahi University, 2005 | ||
| 504 | _aLiterature cited : Leaves [95]-118 | ||
| 650 |
_aInsect _93185 |
||
| 700 |
_aIslam , Md. Wahedul, Supervisor _93105 |
||
| 942 |
_2ddc _cTHE |
||
| 999 |
_c79850 _d79850 |
||